Missing Word: Billboard Hot 100 (2017) Quiz Stats

 Plays Quiz Updated Dec 28, 2019

Support Sporcle.
Go Orange.
Score 0/20 Timer 03:00
0 Plays Today
Song Name Missing Word % Correct
Side to _____Side
89.9%
_____ What You Made Me DoLook
87.4%
There's _____ Holdin' Me BackNothing
86.3%
Sorry Not _____Sorry
85.8%
I Don't Wanna _____ ForeverLive
84%
That's What I _____Like
83.1%
_____ of YouShape
82.7%
_____ of the TimesSign
79%
_____ Just Like ThisSomething
58.4%
I _____ It ComingFeel
58.1%
Song Name Missing Word % Correct
Bodak _____ (Money Moves)Yellow
57.1%
Body Like a _____ Road Back
56.7%
_____ and BoujeeBad
54.2%
Slow _____Hands
52.1%
_____ to Your BeautifulScars
46.3%
Don't Wanna _____Know
39.4%
Love on the _____Brain
38.1%
Black _____Beatles
36.1%
_____ OffMask
27.5%
_____ BackBounce
19.4%

Today's Daily Dose

You're not logged in!

Compare scores with friends on all Sporcle quizzes.
OR
Log In

From the Vault

Broadway Show by Character II

by BiggBogie

Break a leg...or um a finger.
Remove Ads.
Support Sporcle.
Get the best of Sporcle when you Go Orange. This ad-free experience offers more features, more stats, and more fun while also helping to support Sporcle. Thank you for becoming a member.

Show Comments

Extras

Top Quizzes Today


Score Distribution

Your Account Isn't Verified!

In order to create a playlist on Sporcle, you need to verify the email address you used during registration. Go to your Sporcle Settings to finish the process.

Report this User

Report this user for behavior that violates our Community Guidelines.

Details: